Detalles MARC
| 000 -CABECERA |
| Campo de control de longitud fija |
02110nam a22002417a 4500 |
| 008 - CAMPO FIJO DE DESCRIPCIÓN FIJA--INFORMACIÓN GENERAL |
| Campo de control de longitud fija |
250925s2013 sp |||||s|||| 00| 0 spa d |
| 040 ## - FUENTE DE LA CATALOGACIÓN |
| Centro transcriptor |
ES-MaBCM |
| 245 00 - MENCIÓN DE TÍTULO |
| Título |
Memorias en conflicto : |
| Parte restante del título |
aspectos de la violencia política contemporánea |
| Mención de responsabilidad, etc. |
Raynald Belay, Jorge Bracamonte, Carlos Iván Degregori, Jean Joinville Vacher, (ed.) |
| Medio físico |
[Recurso electrónico] |
| 260 ## - PUBLICACIÓN, DISTRIBUCIÓN, ETC (PIE DE IMPRENTA) |
| Lugar de publicación, distribución, etc. |
Lima |
| Nombre del editor, distribuidor, etc. |
: Institut français d’études andines |
| -- |
: Ambassade de France au Pérou |
| -- |
: Instituto de estudios peruanos |
| -- |
: Red para el Desarrollo de las Ciencias Sociales en el Perú |
| Fecha de publicación, distribución, etc. |
, 2013 |
| 300 ## - DESCRIPCIÓN FÍSICA |
| Extensión |
349 p. |
| 490 ## - MENCIÓN DE SERIE |
| Mención de serie |
Travaux de l'IFEA |
| Número de volumen/designación secuencial |
180 |
| 520 ## - RESUMEN, ETC. |
| Nota de sumario, etc. |
Con frecuencia el fenómeno de la violencia política se pretende explicar a partir de metáforas naturalistas o teológicas que remiten a una barbarie atávica, o a la figura fantasmal de una voluntad perversa sin causas ni historia, que emerge como la representación absoluta del mal.<br/><br/>A contracorriente de esta visión simplificadora, los textos reunidos en el presente volumen ofrecen, desde una diversidad de contextos y de enfoques analíticos, una serie de miradas que nos aproxima a la lógica compleja y perturbadora de las sociedades marcadas por la violencia, enfrentando el reto de analizar el proceso violento, de entender su surgimiento histórico, y de reflexionar sobre una necesaria superación de sus huellas.<br/><br/>Contando con la participación de destacados especialistas, en su mayoría peruanos y franceses, y gracias a un esfuerzo multidisciplinario en el que converge la filosofía, el derecho, la sociología y la estética, este libro presenta un aporte sustancial y estimulante que nos invita a pensar de nuevo el trágico auge de la violencia política en el mundo contemporáneo. |
| 650 #7 - PUNTO DE ACCESO ADICIONAL DE MATERIA--TÉRMINO DE MATERIA |
| Término de materia o nombre geográfico como elemento inicial |
Violencia política |
| 650 #7 - PUNTO DE ACCESO ADICIONAL DE MATERIA--TÉRMINO DE MATERIA |
| Término de materia o nombre geográfico como elemento inicial |
Violencia |
| 650 #7 - PUNTO DE ACCESO ADICIONAL DE MATERIA--TÉRMINO DE MATERIA |
| Término de materia o nombre geográfico como elemento inicial |
Conflicto social |
| 650 #7 - PUNTO DE ACCESO ADICIONAL DE MATERIA--TÉRMINO DE MATERIA |
| Término de materia o nombre geográfico como elemento inicial |
Memoria colectiva |
| 650 #0 - PUNTO DE ACCESO ADICIONAL DE MATERIA--TÉRMINO DE MATERIA |
| Término de materia o nombre geográfico como elemento inicial |
Justicia reparadora |
| 856 ## - ACCESO ELECTRÓNICO |
| Identificador uniforme del recurso URI |
https://books.openedition.org/ifea/536#anchor-resume |
| Texto del enlace |
Acceso al documento |
| 942 ## - ELEMENTOS KOHA |
| Koha tipo de item |
Recurso electrónico para descargar |